Countries within 500km of Spain - Statistics

General Stats
  • This quiz has been taken 45 times
  • The average score is 8 of 8
Answers on the Map
Answers color-coded by a green-red scale on the quiz's map according to % correct below.
 
Answer Stats
Answer % Correct
France
100%
Italy
100%
Portugal
100%
Andorra
98%
Morocco
98%
Algeria
95%
Monaco
95%
Switzerland
93%
No matching quizzes found
Score Distribution
Percent of People with Each Score
Percentile by Number Answered
Your Score History
You have not taken this quiz